000 00509 a2200157 4500
005 20250501093033.0
020 _a0-538-43463-5
082 _aLECT 070 LAK
100 _aLAKE, S. E.
245 _aMultimedia and Image Management
260 _aSingapore,
_bThomson South-Western,
_c2004.
300 _ax,390p,: ill.; figure, picture & table.
_bGlossary & Index.
_c28cm.
700 _aBEAN, K.
856 _yOnline Access Book.
_fMultimedia and Image Management.
_dhttp://www.thomsonrights.com.
942 _2ddc
_cBKS
999 _c1878
_d1878